00841nam a22001937a 4500003000900000008004100009040007100050082001900121100001800140245008600158260007600244300002200320505018600342650002000528650002200548650002600570700002100596710003000617AR-CdUCM190415b ||||| |||| 00| 0 spa d aMUNICIPALIDAD PROVINCIAL DEL CUSCOcBIBLIOTECA MUNICIPAL DEL CUSCO a410.06 /bM672 aMiranda, Luis aActas del II Congreso Nacional de Investigaciones Lingüístico-Filológicas / aLima :bUniversidad Ricardo Palma, Facultad de Lenguas Modernas,c1998. a2 tomos ;c20 cm. aContenido: t.1. Plenarias. Traducción - Enseñanza y descripción de segunda (s) lengua (s) - Lingüística española -- t.2. Lingüística indígena andina y amazónica. aLingüística aLengua española aEnsayos, conferencias aOrellana, Amanda aUniversidad Ricardo Palma